Sumo : (Record no. 12735)

000 -LEADER
fixed length control field 00469nam a2200181Ia 4500
020 ## - INTERNATIONAL STANDARD BOOK NUMBER
ISBN 0834802031
040 ## - CATALOGING SOURCE
Transcribing agency ERE
082 ## - DEWEY DECIMAL CLASSIFICATION NUMBER
Classification number 796 WEA 1985 A085 Or.
100 1# - MAIN ENTRY--AUTHOR NAME
Personal name Cuyler, P. L
245 10 - TITLE STATEMENT
Title Sumo :
Remainder of title from rite to sport /
250 ## - EDITION STATEMENT
Edition statement 1st pbk. ed
260 ## - PUBLICATION, DISTRIBUTION, ETC. (IMPRINT)
Place of publication New York :
Name of publisher Weatherhill,
Year of publication 1985
300 ## - PHYSICAL DESCRIPTION
Number of Pages 230 p. :
Other physical details ill. ;
Dimensions 23 cm
500 ## - GENERAL NOTE
General note "Revised and updated by Doreen Simmons"--T.p. verso
650 #0 - SUBJECT ADDED ENTRY--TOPICAL TERM
Topical Term Sumo
700 1# - ADDED ENTRY--PERSONAL NAME
Personal name Simmons, Doreen
942 ## - ADDED ENTRY ELEMENTS (KOHA)
Koha item type សៀវភៅភាសាអង់គ្លេស
952 ## - LOCATION AND ITEM INFORMATION (KOHA)
Withdrawn status [LOCAL, KOHA] 0
Holdings
Permanent Location Date acquired Koha item type Lost status Shelving location Barcode Current Location Full call number
Library Block A2017-08-16សៀវភៅភាសាអង់គ្លេស A085A19014Library Block A796 WEA 1985 A085 Or.
មជ្ឈមណ្ឌលឯការនៃសាកលវិទ្យាល័យភូមិន្ទកសិកម្មចំការដូង

Powered by Koha